000 00490cam a22001934a 4500
005 20250605164304.0
008 250528s ||||||||||||||||||||||||d
035 _a22185
020 _a9780415428620
040 _aGR-AtMCL
_bgre
_dGR-AtMCL
_eAACR2
245 1 _aPERSONAL FINANCE AND INVESTMENTS / A BEHAVIOURAL FINANCE PERSPECTIVE
250 _a1
260 _bRouledge,
_c2008
300 _a909
700 1 _aRedhead Keith
_91617
942 _cBK
999 _c7241
_d7241